| 000 | 00347nam a2200133Ia 4500 | ||
|---|---|---|---|
| 008 | 240624s9999 xx 000 0 und d | ||
| 041 | _aeng | ||
| 082 | _a332.1 SRI | ||
| 100 | _aSRIVASTAVA P K | ||
| 245 | _aBANKING THEORY AND PRACTICE | ||
| 260 |
_c2008 _aNew Delhi _bHimalaya Publishing House |
||
| 300 | _a678 : p. : cm. ; 24 | ||
| 365 |
_cRS _b25 |
||
| 999 |
_c12038 _d12038 |
||